| 000 | 01051nam a2200265 a 4500 | ||
|---|---|---|---|
| 001 | 000021506 | ||
| 005 | 20200930011342.0 | ||
| 008 | 100908s2001 mx a 001 0 spa d | ||
| 020 | _a9684445016 | ||
| 040 |
_aDO-SdBNP _bspa _cBNPHU |
||
| 082 |
_a537 _bS487e |
||
| 100 | 1 |
_aSerrano Domínguez, Víctor Gerardo _944821 |
|
| 245 | 1 | 0 |
_aElectricidad y magnetismo : _bestrategias para la resolución de problemas y aplicaciones / _cVíctor Serrano Domínguez, Graciela García Arana, Carlos Gutiérrez Aranzeta ; editado por José Luis Vázquez Chavarría. |
| 260 |
_aMéxico : _bPearson Educación, _c2001. |
||
| 300 |
_axvii, 545 p. : _bil. ; _c26 cm. |
||
| 500 | _aIncluye índice. | ||
| 504 | _aIncluye bibliografías [p. 541]. | ||
| 650 | 4 |
_aElectricidad _vPROBLEMAS, EJERCICIOS, ETC. _944822 |
|
| 650 | 4 |
_aMagnetismo _vPROBLEMAS, EJERCICIOS, ETC. _944823 |
|
| 700 | 1 |
_aGarcía Arana, Graciela _944824 |
|
| 700 | 1 |
_aGutiérrez Aranzeta, Carlos _944825 |
|
| 700 | 1 |
_aVásquez Chavarría, José Luis, _eed. _944826 |
|
| 910 | _aWM | ||
| 049 | _aBNGR | ||
| 999 |
_c21006 _d21006 |
||